| 000 | 00836nam a2200301Ia 4500 | ||
|---|---|---|---|
| 001 | Para_3684 | ||
| 003 | CHAP | ||
| 008 | 220125s1945 xx 000 0 und d | ||
| 010 | _a202284 | ||
| 040 | _cCHAP | ||
| 082 | _aPA-C 632.951 S67 | ||
| 100 |
_aBoyce, A. M _914867 |
||
| 245 |
_aCaution regarding the use of DDT on citrus / _c A. M. Boyce |
||
| 260 |
_aRiverside, Calif. : _b University of California |
||
| 300 | _a2 h. | ||
| 440 |
_aNews letter; 24 _9167382 |
||
| 500 | _aEncuadernado con impresos similares | ||
| 650 |
_aCĂtricos _924392 |
||
| 650 |
_aDDT. (Insectida) _9164844 |
||
| 650 |
_aInsecticidas _958855 |
||
| 901 | _aPA-C 632.951 S67 | ||
| 902 | _aA | ||
| 905 | _a0000001945 RIV 0000000000 00 | ||
| 910 | _a1945 | ||
| 942 | _cPARA | ||
| 942 |
_cPARA _d1 |
||
| 999 |
_c202284 _d202284 |
||